书目信息 |
| 题名: |
乐谭
|
|
| 作者: | ;中国民族管弦乐学会 编 | |
| 分册: | 第三集 | |
| 出版信息: | 北京 人民音乐出版社 2015 |
|
| 页数: | 10,291页 | |
| 开本: | 21cm | |
| 丛书名: | ||
| 单 册: | ||
| 中图分类: | J632.617-53 | |
| 科图分类: | ||
| 主题词: | 民族器乐--Min Zu Qi Le--管弦乐--器乐曲--音乐欣赏--中国--现代 | |
| 电子资源: | ||
| ISBN: | 978-7-103-04925-9 | |
| 000 | 01187nam0 22002531 450 | |
| 001 | 0101082442 | |
| 005 | 20161202101328.90 | |
| 010 | @a978-7-103-04925-9@b精装@dCNY93.00 | |
| 100 | @a20150901d2015 em y0chiy50 ea | |
| 101 | 0 | @achi |
| 102 | @aCN@b110000 | |
| 105 | @aag z 000yd | |
| 106 | @ar | |
| 200 | 1 | @a乐谭@ALe Tan@e“新绎杯”中国民族管弦乐(青年作曲家)获奖作品评析@h第三集@f中国民族管弦乐学会编 |
| 210 | @a北京@c人民音乐出版社@d2015 | |
| 215 | @a10,291页@c彩照@d21cm | |
| 300 | @a第三届“华乐论坛”暨“新绎杯”青年作曲家民族管弦乐作品评奖 中华人民共和国文化部艺术司,中国民族管弦乐学会主办 | |
| 330 | @a本书收编了第三届“华乐论坛”获奖的民族管弦乐作品的作者与理论家们对获奖作品的创作理念、技术手法发展方向、乐队编制、曲式结构、和声配器等各方面的评析。 | |
| 517 | 1 | @a“新绎杯”中国民族管弦乐(青年作曲家)获奖作品评析@AXin Yi Bei Zhong Guo Min Zu Guan Xian Le (Qing Nian Zuo Qu Jia )Huo Jiang Zuo Pin Ping Xi |
| 606 | 0 | @a民族器乐@AMin Zu Qi Le@x管弦乐@x器乐曲@x音乐欣赏@y中国@z现代 |
| 690 | @aJ632.617-53@v5 | |
| 711 | 02 | @a中国民族管弦乐学会@AZhong Guo Min Zu Guan Xian Le Xue Hui@4编 |
| 801 | 0 | @aCN@bTANGWEI@c20161128 |
| 905 | @b0951504-7@dJ632.617-53@e113:3@f4 | |
| 乐谭:“新绎杯”中国民族管弦乐(青年作曲家)获奖作品评析.第三集/中国民族管弦乐学会编 .-北京:人民音乐出版社,2015 |
| 10,291页:彩照;21cm |
| 第三届“华乐论坛”暨“新绎杯”青年作曲家民族管弦乐作品评奖 中华人民共和国文化部艺术司,中国民族管弦乐学会主办 |
| ISBN 978-7-103-04925-9(精装):CNY93.00 |
| 本书收编了第三届“华乐论坛”获奖的民族管弦乐作品的作者与理论家们对获奖作品的创作理念、技术手法发展方向、乐队编制、曲式结构、和声配器等各方面的评析。 |
| ● |
| 相关链接 |
|
|
|
|
正题名:乐谭
索取号:J632.617-53/113:3
 
预约/预借
| 序号 | 登录号 | 条形码 | 馆藏地/架位号 | 状态 | 备注 |
| 1 | 0951504 | 209515041 | 第一样本阅览室/ [索取号:J632.617-53/113:3] | 在馆 | |
| 2 | 0951505 | 209515050 | 第一借阅区/ [索取号:J632.617-53/113:3] | 在馆 | |
| 3 | 0951506 | 209515069 | 第一借阅区/ [索取号:J632.617-53/113:3] | 在馆 | |
| 4 | 0951507 | 209515078 | 第一借阅区/ [索取号:J632.617-53/113:3] | 在馆 |